000 00347 a2200157 4500
001 61289
020 _a8523203451
040 _cAnchieta - Pituba
100 _aSilva, Eliana Rodrigues
240 1 0 _aDança e pós-modernidade
_lpor
245 1 0 _aDança e pós-modernidade
300 _a288
362 0 _a2005
650 4 _aDanças
942 _cBK
999 _c61289
_d61289